000 00251nam a2200097Ia 4500
008 230508s1999 xx 000 0 und d
041 _aeng
100 _aC.B.S.
245 _aPROBLEMS & SOLUTSIONS OF ELECT. DEVICES & CKT
260 _bC.B.S. PUBLI.
_c1999
999 _c335386
_d335386